*All* Nintendo Consoles - Statistics

General Stats
  • This quiz has been taken 338 times
  • The average score is 20 of 32
Answer Stats
Year System % Correct
2017 Nintendo Switch
95%
1989 Gameboy
91%
1985 Nintendo Entertainment System
91%
2012 Nintendo Wii U
91%
2004 Nintendo DS
90%
2011 Nintendo 3DS
89%
1991 Super Nintendo Entertainment System
89%
2001 Gamecube
88%
1996 Nintendo 64
88%
2001 Gameboy Advance
87%
1998 Gameboy Color
87%
2006 Nintendo Wii
80%
2013 Nintendo 2DS
79%
2008 Nintendo DSi
69%
1980 Game and Watch
67%
1995 Virtual Boy
67%
2012 Nintendo 3DS XL
64%
2006 Nintendo DS Lite
63%
2014 New Nintendo 3DS
58%
2003 Gameboy Advance SP
56%
2014 New Nintendo 3DS XL
51%
2017 New Nintendo 2DS XL
49%
2005 Gameboy Micro
44%
1996 Gameboy Pocket
44%
1997 Gameboy Light
41%
2010 Nintendo DSi XL
40%
1977 Color TV-Game
38%
2012 Nintendo Wii Mini
37%
2016 NES Classic
22%
2017 SNES Classic
22%
2001 Pokémon mini
19%
2001 Panasonic Q
12%
No matching quizzes found
Score Distribution
Percent of People with Each Score
Percentile by Number Answered
Your Score History
You have not taken this quiz